000 00416nam a2200181Ia 4500
001 18947
005 20260306171707.0
008 260306s9999||||xx |||||||||||||| ||und||
041 _aESP
082 _a658.562
_bM84
100 _aMontgomery, Douglas C.
_eAUT
245 0 _aControl estadístico de la calidad
260 _c2014
300 _a
_c
650 _aGEN
654 _aCAN
942 _cLIB
_dJUS
_fJUS
_2ddc
_n
999 _c18947
_d18947